Cómo triunfar en el trabajo / (Registro nro. 11245)

Detalles MARC
000 -LIDER
fixed length control field 00910nam a22003017a 4500
001 - NÚMERO DE CONTROL
Identificador de número de control 000450
003 - IDENTIFICACDOR DE NÚMERO DE CONTROL
control field DO-SdBNP
005 - DATE AND TIME OF LATEST TRANSACTION
control field 20230510122517.0
007 - CAMPOS FIJOS DE DESCRIPCIÓN FÍSICA
fixed length control field 000450
008 - ELEMENTOS DE LONGITUD FIJA
fixed length control field 160831b 2006 mx ||||| |||| 00| 0 spa d
020 ## - ISBN
International Standard Book Number 9789707311404
040 ## - FUENTE DE CATALOGACIÓN
Agencia que crea de manera original el registro BPMSU
Idioma de catalogación spa
Agencia que realiza la transcripción BPMSU
050 ## - NÚMERO DE CLASIFICACIÓN BIBLIOTECA DEL CONGRESO
Classification number
082 #4 - NÚMERO DE CLASIFICACIÓN DECIMAL DE DEWEY
Classification number 158.1
Item number V297c 2006
Edition number 22
100 1# - ASIENTO PRINCIPAL -- NOMBRE PERSONAL
Nombre personal Vargas, Gaby,
245 10 - MENCIÓN DE TITULO
Título Cómo triunfar en el trabajo /
Mención de responsabilidad Gaby Vargas.
260 ## - PUBLICACIÓN, DISTRIBUCIÓN, ETC. (PIE DE IMPRENTA)
Lugar de publicación, distribución, etc Mexico :
Nombre del editor, distribuidor, etc. Punto de Lectura,
Fecha de publicación, distribución, etc 2006
300 ## - DESCRIPCIÓN FÍSICA
Extensión 355 p. :
Otros detalles físicos il. ;
Dimensiones 19 cm.
490 0# - MENCIÓN DE SERIES
Mención de serie Punto de lectura
Volume/sequential designation 143/1
500 ## - NOTA GENERAL
Nota general La biblioteca posee la quinta reimpresión: enero de 2009 y la séptima reimpresión: febrero de 2011.
500 ## - NOTA GENERAL
Nota general Incluye datos de la autora.
590 ## - NOTA LOCAL
Enlace Inventariado, 2023/VM
650 #4 - ENCABEZAMIENTO DE MATERIA--TEMÁTICO
Término temático o nombre geográfico como elemento de entrada Éxito
650 #4 - ENCABEZAMIENTO DE MATERIA--TEMÁTICO
Término temático o nombre geográfico como elemento de entrada Psicología.
650 #4 - ENCABEZAMIENTO DE MATERIA--TEMÁTICO
Término temático o nombre geográfico como elemento de entrada Personalidad
910 ## - VALIDACIÓN
Validación LOPEREZ/ VMateo V. Control de calidad (BPMSU)
942 ## - ADDED ENTRY ELEMENTS (KOHA)
Source of classification or shelving scheme Dewey Decimal Classification
Koha item type Libros
Existencias
Withdrawn status Lost status Source of classification or shelving scheme Damaged status Not for loan Collection code Home library Current library Date acquired Source of acquisition Full call number Barcode Date last seen Price effective from Koha item type Copy number
    Dewey Decimal Classification     Colección General Biblioteca Pública Metropolitana Salomé Ureña Biblioteca Pública Metropolitana Salomé Ureña 08/31/2016 Alfaguara BPMSU CG 158.1 V297c 2006 BPMSU16080327 08/31/2016 08/31/2016 Libros  
    Dewey Decimal Classification     Colección General Biblioteca Pública Metropolitana Salomé Ureña Biblioteca Pública Metropolitana Salomé Ureña 09/20/2016 Alfaguara BPMSU CG 158.1 V297c 2006 BPMSU16090428 09/20/2016 09/20/2016 Libros e.2
    Dewey Decimal Classification     Colección General Biblioteca Pública Metropolitana Salomé Ureña Biblioteca Pública Metropolitana Salomé Ureña 09/20/2016 Alfaguara BPMSU CG 158.1 V297c 2006 BPMSU16090427 09/20/2016 09/20/2016 Libros e.3